Conception et developpement d'un systeme d'information dediè a la veille scientifique basè sur le sorties des outils (Record n. 96904)
[ formato base ]
| 000 -LEADER | |
|---|---|
| fixed length control field | 01100nam a2200313Ia 4500 |
| 001 - CONTROL NUMBER | |
| control field | D4678 |
| 003 - CONTROL NUMBER IDENTIFIER | |
| control field | IT-RoPAU |
| 008 - FIXED-LENGTH DATA ELEMENTS--GENERAL INFORMATION | |
| fixed length control field | 130308s9999 xx 000 0 und d |
| 040 ## - CATALOGING SOURCE | |
| Original cataloging agency | IT-RoPAU |
| 040 ## - CATALOGING SOURCE | |
| Transcribing agency | IT-RoPAU |
| 041 ## - LANGUAGE CODE | |
| Language code of text/sound track or separate title | FRANCESE |
| 100 ## - MAIN ENTRY--PERSONAL NAME | |
| Personal name | Grivel Luc |
| 100 ## - MAIN ENTRY--PERSONAL NAME | |
| Miscellaneous information | Codice Aut. SPICS: 44859 |
| 245 ## - TITLE STATEMENT | |
| Title | Conception et developpement d'un systeme d'information dediè a la veille scientifique basè sur le sorties des outils |
| 245 ## - TITLE STATEMENT | |
| Remainder of title | Hypertextes et Hypermedias: Realisations, Outils et Methodes |
| 250 ## - EDITION STATEMENT | |
| Edition statement | 1a ed. |
| 260 ## - PUBLICATION, DISTRIBUTION, ETC. (IMPRINT) | |
| Place of publication, distribution, etc. | PARIS |
| 260 ## - PUBLICATION, DISTRIBUTION, ETC. (IMPRINT) | |
| Name of publisher, distributor, etc. | Hermes |
| 260 ## - PUBLICATION, DISTRIBUTION, ETC. (IMPRINT) | |
| Date of publication, distribution, etc. | 1995 [1° Ed.:1995 - Ed.Ling.Originale:1995] |
| 300 ## - PHYSICAL DESCRIPTION | |
| Extent | "10 p. (prefazione: no ; testo: 10 [pagine: 109-118])" |
| 500 ## - GENERAL NOTE | |
| General note | Concezione e Sviluppo di un Sistema d'informazione Dedicato Alla vigilia Scientifica basata Sulle sorti degli Strumenti di classificazione tematica Sdoc e Neurodoc. |
| 650 ## - SUBJECT ADDED ENTRY--TOPICAL TERM | |
| Topical term or geographic name as entry element | TECNICA DELLA MULTIMEDIALITA' |
| 650 ## - SUBJECT ADDED ENTRY--TOPICAL TERM | |
| Relator term | Codice materia Spics: 4252 |
| 700 ## - ADDED ENTRY--PERSONAL NAME | |
| Personal name | Francois Claire |
| 700 ## - ADDED ENTRY--PERSONAL NAME | |
| Miscellaneous information | Codice Aut. SPICS: 44860 |
| 942 ## - ADDED ENTRY ELEMENTS (KOHA) | |
| Koha item type | LIBRO |
| 957 ## - | |
| -- | 1 |
| 999 ## - SYSTEM CONTROL NUMBERS (KOHA) | |
| -- | 1 |
| Withdrawn status | Lost status | Damaged status | Not for loan | Home library | Current library | Date acquired | Total Checkouts | Full call number | Date last seen | Price effective from | Koha item type | Public note |
|---|---|---|---|---|---|---|---|---|---|---|---|---|
| Buone Condizioni | Not For Loan | SPICS-MEDIATECA | SPICS-MEDIATECA | 08/03/2013 | D4678 | 08/03/2013 | 08/03/2013 | LIBRO | Progressivo inserimento: 19485 / Copie: 1 / data import: 1 marzo 2013 - By Epidotti, Trombetti, Vaglietti. |